000 00269nam a2200121Ia 4500
005 20251222154424.0
008 251222s9999||||xx |||||||||||||| ||spa||
020 _a84-01-44110-2
082 _a305.23/O86
100 _a"De Otero, Blas"
245 0 _aPaĆ­s
942 _cLIB
999 _c36167
_d36167